|
|
|
|
| LEADER |
00727cam a2200217 7i4500 |
| 001 |
0000011196 |
| 005 |
20151104090000.0 |
| 005 |
##20151104112600.0 |
| 003 |
##MY-KlINT |
| 020 |
# |
# |
|a 9780470375044
|
| 039 |
# |
9 |
|y 201511041126
|z VLOAD
|
| 090 |
0 |
0 |
|a 303.4834
|b WAT
|
| 100 |
1 |
# |
|a Watson, Tom
|
| 245 |
1 |
0 |
|a CauseWired :
|b plugging in, getting involved, changing the world /
|c Tom Watson.
|
| 260 |
# |
# |
|a Hoboken, N.J:
|b Wiley,
|c 2009.
|
| 300 |
# |
# |
|a xxxiii, 237p;
|c 24cm.
|
| 500 |
# |
# |
|a Includes bibliographical references and index.
|
| 650 |
# |
0 |
|a Information technology --
|x Social aspects
|
| 650 |
# |
0 |
|a Online social networks
|
| 650 |
# |
0 |
|a Information technology --
|x Political aspects
|
| 999 |
|
|
|a 0000064390
|b BOOK
|c Main Non-Fiction
|e INTAN BK
|